Zbierka príkladov z účtovníctva pre predmet Didaktika účtovníctva /
Saved in:
| Main Author: | |
|---|---|
| Format: | Book |
| Language: | Slovak |
| Published: |
Bratislava :
Vysoká škola ekonomická, Bratislava,
1991
|
| Tags: |
No Tags, Be the first to tag this record!
|
MARC
| LEADER | 00000nam a22000003a 4500 | ||
|---|---|---|---|
| 001 | stu18908 | ||
| 005 | 20150617225756.3 | ||
| 008 | 920601s1991----cs------------------slo-d | ||
| 020 | |a 80-225-0306-1 | ||
| 040 | |a STU |b slo | ||
| 041 | 0 | |a slo | |
| 044 | |a cs | ||
| 080 | |a 336.717.16(075.8) | ||
| 100 | 1 | |a Rigáňová, Alžbeta |4 aut | |
| 245 | 1 | |a Zbierka príkladov z účtovníctva pre predmet Didaktika účtovníctva / |c [aut.]Rigáňová,Alžbeta | |
| 260 | |a Bratislava : |b Vysoká škola ekonomická, Bratislava, |c 1991 | ||
| 300 | |a 119 s : |b Tab.,lit | ||
| 500 | |a (Dočasná vysokoškolská učebnica) | ||
| 996 | |b CS30827 |c C*S30827 |l CCXIV |s P |a 0 |w stu18908_0001 | ||
| 996 | |b CS30828 |c C*S30828 |l CCXIV |s P |a 0 |w stu18908_0002 | ||